<?xml version="1.0" encoding="UTF-8"?>
<record
    xmlns:xsi="http://www.w3.org/2001/XMLSchema-instance"
    xsi:schemaLocation="http://www.loc.gov/MARC21/slim http://www.loc.gov/standards/marcxml/schema/MARC21slim.xsd"
    xmlns="http://www.loc.gov/MARC21/slim">

  <leader>01731cam a2200385 a 4500</leader>
  <datafield tag="999" ind1=" " ind2=" ">
    <subfield code="c">331727</subfield>
    <subfield code="d">331727</subfield>
  </datafield>
  <controlfield tag="001">16136940</controlfield>
  <controlfield tag="003">NUST</controlfield>
  <controlfield tag="005">20171019121415.0</controlfield>
  <controlfield tag="008">100316s2008    pk a          000 0durd  </controlfield>
  <datafield tag="010" ind1=" " ind2=" ">
    <subfield code="a">  2010340604</subfield>
  </datafield>
  <datafield tag="020" ind1=" " ind2=" ">
    <subfield code="a">9789693702835</subfield>
  </datafield>
  <datafield tag="025" ind1=" " ind2=" ">
    <subfield code="a">P-U-2010340604; 32</subfield>
  </datafield>
  <datafield tag="040" ind1=" " ind2=" ">
    <subfield code="a">DLC</subfield>
    <subfield code="c">DLC</subfield>
    <subfield code="d">DLC</subfield>
  </datafield>
  <datafield tag="042" ind1=" " ind2=" ">
    <subfield code="a">lcode</subfield>
  </datafield>
  <datafield tag="043" ind1=" " ind2=" ">
    <subfield code="a">a-pk---</subfield>
  </datafield>
  <datafield tag="050" ind1="0" ind2="0">
    <subfield code="a">DS384+</subfield>
  </datafield>
  <datafield tag="066" ind1=" " ind2=" ">
    <subfield code="c">(3</subfield>
    <subfield code="c">(4</subfield>
  </datafield>
  <datafield tag="082" ind1=" " ind2=" ">
    <subfield code="a">954.9043</subfield>
    <subfield code="b">KHA</subfield>
  </datafield>
  <datafield tag="100" ind1="1" ind2=" ">
    <subfield code="6">880-01</subfield>
    <subfield code="a">K&#x332;h&#x332;&#x101;n, &#x2BB;Abdulqayy&#x16B;m,</subfield>
    <subfield code="d">1924-2015.</subfield>
    <subfield code="9">5528</subfield>
  </datafield>
  <datafield tag="245" ind1="1" ind2="0">
    <subfield code="6">880-02</subfield>
    <subfield code="a">Muz&#x332;&#x101;kar&#x101;t se M&#x101;rshal l&#x101;&#x2BC; tak /</subfield>
    <subfield code="c">Sard&#x101;r Mu&#x1E25;ammad &#x2BB;Abdulqayy&#x16B;m K&#x332;h&#x332;&#x101;n.</subfield>
  </datafield>
  <datafield tag="250" ind1=" " ind2=" ">
    <subfield code="6">880-03</subfield>
    <subfield code="a">Ish&#x101;&#x2BB;at 1.</subfield>
  </datafield>
  <datafield tag="260" ind1=" " ind2=" ">
    <subfield code="6">880-04</subfield>
    <subfield code="a">Isl&#x101;m&#x101;b&#x101;d :</subfield>
    <subfield code="b">Naishnal Buk F&#x101;&#x2BC;&#x16B;n&#x1E0D;eshan,</subfield>
    <subfield code="c">2008.</subfield>
  </datafield>
  <datafield tag="300" ind1=" " ind2=" ">
    <subfield code="a">152 p. :</subfield>
    <subfield code="b">ill. ;</subfield>
    <subfield code="c">22 cm.</subfield>
  </datafield>
  <datafield tag="500" ind1=" " ind2=" ">
    <subfield code="a">In Urdu.</subfield>
  </datafield>
  <datafield tag="520" ind1=" " ind2=" ">
    <subfield code="a">Political memoirs of &#x2BB;Abdulqayy&#x16B;m K&#x332;h&#x332;&#x101;n with special reference to the 1977 election crisis in Pakistan and the imposition of Martial law in the country.</subfield>
  </datafield>
  <datafield tag="600" ind1="1" ind2="0">
    <subfield code="6">880-05</subfield>
    <subfield code="a">K&#x332;h&#x332;&#x101;n, &#x2BB;Abdulqayy&#x16B;m,</subfield>
    <subfield code="d">1924-2015.</subfield>
    <subfield code="9">5528</subfield>
  </datafield>
  <datafield tag="651" ind1=" " ind2="0">
    <subfield code="a">Pakistan</subfield>
    <subfield code="x">Politics and government</subfield>
    <subfield code="y">1971-</subfield>
    <subfield code="9">5529</subfield>
  </datafield>
  <datafield tag="710" ind1="2" ind2=" ">
    <subfield code="6">880-06</subfield>
    <subfield code="a">National Book Foundation (Pakistan)</subfield>
    <subfield code="9">1397</subfield>
  </datafield>
  <datafield tag="880" ind1="1" ind2=" ">
    <subfield code="6">100-01/(3/r&#x200F;</subfield>
    <subfield code="a">&#x62E;&#x627;&#x646;&#x60C; &#x633;&#x631;&#x62F;&#x627;&#x631; &#x645;&#x62D;&#x645;&#x651;&#x62F; &#x639;&#x628;&#x62F;&#x627;&#x644;&#x642;&#x64A;&#x651;&#x648;&#x645;.</subfield>
  </datafield>
  <datafield tag="880" ind1="1" ind2="0">
    <subfield code="6">245-02/(3/r&#x200F;</subfield>
    <subfield code="a">&#x200F;&#x645;&#x630;&#x627;&#x6A9;&#x631;&#x627;&#x62A; &#x633;&#x6D2; &#x645;&#x627;&#x631;&#x634;&#x644; &#x644;&#x627;&#x621; &#x62A;&#x6A9; /&#x200F;</subfield>
    <subfield code="c">&#x200F;&#x633;&#x631;&#x62F;&#x627;&#x631; &#x645;&#x62D;&#x645;&#x651;&#x62F; &#x639;&#x628;&#x62F;&#x627;&#x644;&#x642;&#x64A;&#x651;&#x648;&#x645; &#x62E;&#x627;&#x646;.</subfield>
  </datafield>
  <datafield tag="880" ind1=" " ind2=" ">
    <subfield code="6">250-03/(3/r&#x200F;</subfield>
    <subfield code="a">&#x200F;&#x627;&#x634;&#x627;&#x639;&#x62A; 1.</subfield>
  </datafield>
  <datafield tag="880" ind1=" " ind2=" ">
    <subfield code="6">260-04/(3/r&#x200F;</subfield>
    <subfield code="a">&#x200F;&#x627;&#x633;&#x644;&#x627;&#x645;&#x200C;&#x622;&#x628;&#x627;&#x62F; :&#x200F;</subfield>
    <subfield code="b">&#x200F;&#x646;&#x64A;&#x634;&#x646;&#x644; &#x628;&#x6A9; &#x641;&#x627;&#x624;&#x646;&#x688;&#x64A;&#x634;&#x646;&#x60C;&#x200F;</subfield>
    <subfield code="c">&#x200F;&#x202A;2008&#x202C;.</subfield>
  </datafield>
  <datafield tag="880" ind1="1" ind2="4">
    <subfield code="6">600-05/(3/r&#x200F;</subfield>
    <subfield code="a">&#x200F;&#x62E;&#x627;&#x646;&#x60C; &#x633;&#x631;&#x62F;&#x627;&#x631; &#x645;&#x62D;&#x645;&#x651;&#x62F; &#x639;&#x628;&#x62F;&#x627;&#x644;&#x642;&#x64A;&#x651;&#x648;&#x645;.</subfield>
  </datafield>
  <datafield tag="880" ind1="2" ind2=" ">
    <subfield code="6">710-06/(3/r&#x200F;</subfield>
    <subfield code="a">&#x200F;&#x646;&#x64A;&#x634;&#x646;&#x644; &#x628;&#x6A9; &#x641;&#x627;&#x624;&#x646;&#x688;&#x64A;&#x634;&#x646; (Pakistan)</subfield>
  </datafield>
  <datafield tag="906" ind1=" " ind2=" ">
    <subfield code="a">7</subfield>
    <subfield code="b">ibc</subfield>
    <subfield code="c">origode</subfield>
    <subfield code="d">3</subfield>
    <subfield code="e">ncip</subfield>
    <subfield code="f">20</subfield>
    <subfield code="g">y-nonroman</subfield>
  </datafield>
  <datafield tag="942" ind1=" " ind2=" ">
    <subfield code="2">ddc</subfield>
    <subfield code="c">BK</subfield>
  </datafield>
  <datafield tag="952" ind1=" " ind2=" ">
    <subfield code="0">0</subfield>
    <subfield code="1">0</subfield>
    <subfield code="2">ddc</subfield>
    <subfield code="4">0</subfield>
    <subfield code="7">0</subfield>
    <subfield code="8">NFIC</subfield>
    <subfield code="a">CL</subfield>
    <subfield code="b">CL</subfield>
    <subfield code="c">CART</subfield>
    <subfield code="d">2017-10-19</subfield>
    <subfield code="l">0</subfield>
    <subfield code="o">954.9043 KHA</subfield>
    <subfield code="p">CL3124</subfield>
    <subfield code="r">2022-09-21</subfield>
    <subfield code="t">1</subfield>
    <subfield code="w">2017-10-19</subfield>
    <subfield code="y">BK</subfield>
  </datafield>
</record>
